| 000 | 01116cam a22003377a 4500 | ||
|---|---|---|---|
| 003 | CHAP | ||
| 005 | 20220329133059.0 | ||
| 008 | 971013s1990 r 00010 d | ||
| 010 | _a1931 | ||
| 011 | _a2903 | ||
| 035 | _a2103 | ||
| 040 | _cCHAP | ||
| 090 | _aTesis | ||
| 100 | 0 | 0 |
_aOcampo Bustamante, Jorge. _982595 |
| 245 | 0 | _aInfluencia del sustrato en micorrización y el crecimiento en vivero de Pinus caribaea var. Wondurensis | |
| 260 |
_aChapingo, Méx. : _bEl Autor, _c1990 |
||
| 300 | _a27 h. | ||
| 502 | _aTesis (Ing. Forestal Esp. en Silvicultura) -- UACH. División de Ciencias Forestales | ||
| 590 |
_aALEPH _b10 _c20130110 _lUCH01 _h1210 |
||
| 590 |
_aBATCH-UPD _b10 _c20130110 _lUCH01 _h1701 |
||
| 590 |
_aBATCH-UPD _b10 _c20130410 _lUCH01 _h1048 |
||
| 590 |
_aBATCH-UPD _b10 _c20130914 _lUCH01 _h1816 |
||
| 590 |
_aCONVERSION _b10 _c20130109 _lUCH01 _h1302 |
||
| 650 | 1 | 4 |
_aMicorriza. _975486 |
| 650 | 1 | 4 |
_aPináceas _xOaxaca. _988256 |
| 650 | 1 | 4 |
_aPinus caribaea. _988322 |
| 650 | 1 | 4 |
_aViveros forestales. _9120100 |
| 901 | _aBK | ||
| 942 | _cTESIS | ||
| 949 |
_bBC _cTES _d-11601 _eTS1 _h24222 _i2103 _si |
||
| 999 |
_c1931 _d1931 |
||